000 00813nam a2200241Ia 4500
001 dia_4368
003 CHAP
005 20251015154922.0
008 220117s1984 xx 000 0 und d
010 _a175016
040 _cCHAP
_amxchpua
_erda
090 _aFOLLETO 2273
100 _aPozo Campodonico, Octavio
_991197
245 _aGuía para cultivar chile serrano en las Huastecas /
_c Octavio Pozo Campodonico
260 _aMéxico :
_b INIA, Centro de investigaciones agrícolas del Golfo Norte, campo agrícola experimental de las huastecas,
_c1984
300 _a32 p.
500 _aS/c (Folletos para productores, 10)
650 _aChile serrano
_922508
901 _aFOLLETO 2273
902 _aM
905 _a0000001984 mx A 0000000000spa00
942 _cFOLL
_2local
999 _c175016
_d175016